Normal view
MARC view
Entry Personal Name
001 - CONTROL NUMBER
- control field: 10928
003 - CONTROL NUMBER IDENTIFIER
- control field: ARRUPE
005 - DATE AND TIME OF LATEST TRANSACTION
- control field: 20140612135054.0
008 - FIXED-LENGTH DATA ELEMENTS
- fixed length control field: 140612|| aca||aabn | a|a d
040 ## - CATALOGING SOURCE
- Original cataloging agency: ARRUPE
- Transcribing agency: ARRUPE
100 ## - HEADING--PERSONAL NAME
- Personal name: Baumann, Oskar,
- Dates associated with a name: 1864-1899.
670 ## - SOURCE DATA FOUND
- Source citation: Work cat.: (ARRUPE)0: Baumann, Oskar, 1864-1899. 10927, Ngorongoro's first visitor :, 1963, 1969 printing.